000 00568nam a2200205 u 4500
005 20240831063801.0
008 140922s2002 es r 000 0 spa d
020 _a8423663140
035 _aUPN01000199682
049 _aI
050 4 _aPZ75
_bT6.2
100 1 _aTobella, Montse
_933328
245 1 0 _aAbuelos /
_cMontse Tobella.
260 _aBarcelona, Esp. :
_bEdebé,
_c2002.
300 _a[23] p. :
_bprincipalmente il. col.
650 4 _aCuentos infantiles españoles
_97725
650 0 _aAbuelos y nietos
_911989
905 _aInfantil
999 _c171783
_d171783